Statistics for Where is that team?

Click here to take the quiz!

General Stats

  • This quiz has been taken 15 times
  • The average score is 8 of 15

Answer Stats

HintAnswer% Correct
CelticsBoston
100%
HeatMiami
70%
BucksMilwaukee
70%
BullsChicago
60%
PistonsDetroit
60%
LakersLos Angels
60%
KnicksNew York
60%
NetsBrooklyn
50%
RocketsHouston
50%
SupersonicsSeattle
50%
BobcatsCharlotte
40%
RaptorsToronto
40%
BulletsWashington
30%
MagicUtah
10%
JazzOrlando
0%

Score Distribution

Percentile by Number Answered

Percent of People with Each Score

Your Score History

You have not taken this quiz